[Event "Solin g/60' 10th"]
[Site "Solin/Spilt"]
[Date "2002.12.12"]
[Round "2"]
[White "Dizdarevic, Emir"]
[Black "Kovacevic, Vlatko"]
[Result "1-0"]
[WhiteElo "2520"]
[BlackElo "2500"]
[PlyCount "99"]
[EventDate "2002.12.07"]
[EventType "tourn (rapid)"]
[EventRounds "18"]
[EventCountry "CRO"]
[EventCategory "11"]
[SourceTitle "CBM 093"]
[Source "ChessBase"]
[SourceDate "2003.04.01"]
[SourceVersion "1"]
[SourceVersionDate "2003.04.01"]
[SourceQuality "1"]

1. Nf3 d5 2. d3 e6 3. g3 c5 4. Bg2 Nc6 5. O-O Bd6 6. c4 ({RR} 6. Re1 Nge7 7. e4 O-O 8. h4 f6 9. Nc3 d4 10. Ne2 e5 11. h5 Be6 12. Nh2 Qe8 13. h6 g5 14. f4 Qh5 15. f5 Bf7 16. g4 Qxh6 17. Ng3 c4 18. Nf3 Rfc8 19. Bd2 cxd3 20. cxd3 Bb4 {Cobo Mazorra,A (1773)-Lopez Martinez,J (2448) Galdar (Gran Canaria) ESP 2024 0-1 (48)}) 6... Nge7 7. Nc3 O-O 8. Bg5 ({RR} 8. Nd2 Bc7 9. cxd5 exd5 10. e4 d4 11. Nd5 Be6 12. Nxc7 Qxc7 13. a3 Rad8 14. Qc2 Qd6 15. Nc4 Bxc4 16. Qxc4 Ne5 17. Qc2 c4 18. dxc4 d3 19. Qc3 N7c6 20. Be3 Nd4 21. Bxd4 Qxd4 22. Qxd4 Rxd4 {Kozul,Z (2613)-Halkias,S (2585) Tallinn 2016 1-0 (60)}) 8... h6 $146 ({RR} 8... f6 9. Bd2 a6 10. Rc1 Rb8 11. Ne1 Bc7 12. cxd5 exd5 13. e4 Be6 14. exd5 Nxd5 15. Nxd5 Bxd5 16. Rxc5 Bxg2 17. Qb3+ Kh8 18. Nxg2 Nd4 19. Qd1 Ne6 20. Rc2 Qxd3 21. Be3 Rfd8 22. Qxd3 Rxd3 23. Ne1 {Raud,R (2385)-Karai,D (2070) Tallinn 1998 ½-½ (47)}) 9. cxd5 exd5 10. Bxe7 Bxe7 11. d4 Be6 12. Rc1 Re8 13. e3 cxd4 14. Nxd4 Bf6 15. Nxe6 fxe6 16. Na4 Qe7 17. Qe2 Rad8 18. Rfd1 d4 19. Bxc6 bxc6 20. e4 Qb4 21. Nc5 Qb5 22. Nd3 Qa6 23. Qc2 Rc8 24. Qc4 Qb7 25. Rc2 Qf7 26. Kg2 Bd8 27. f4 Bb6 28. Rf1 c5 29. Ne5 Qb7 30. Qd3 a5 31. h4 Ba7 32. Nc4 Qc7 33. e5 a4 34. Nd6 Red8 35. Nxc8 Qxc8 36. Rf3 Qb7 37. Qc4 Rd5 38. Qxa4 d3 39. Rd2 Kf7 40. Qe4 c4 41. f5 exf5 42. Qxc4 Kg6 43. Qf4 Qd7 44. h5+ Kxh5 45. Qxf5+ Qxf5 46. Rxf5+ Kg4 47. Rf4+ Kg5 48. Rf3 Rxe5 49. Rfxd3 Be3 50. Rd5 1-0

[Event "Bermuda-A"]
[Site "Bermuda"]
[Date "2003.01.25"]
[Round "1"]
[White "Vescovi, Giovanni P"]
[Black "Markowski, Tomasz"]
[Result "1-0"]
[WhiteElo "2592"]
[BlackElo "2574"]
[Annotator "Horn,Peter"]
[PlyCount "117"]
[EventDate "2003.01.25"]
[EventType "tourn"]
[EventRounds "11"]
[EventCountry "BER"]
[EventCategory "15"]
[SourceTitle "CBM 094"]
[Source "ChessBase"]
[SourceDate "2003.05.26"]
[SourceVersion "1"]
[SourceVersionDate "2003.05.26"]
[SourceQuality "1"]

1. e4 c5 2. Nf3 e6 3. d3 Nc6 4. g3 g6 5. Bg2 Bg7 6. O-O Nge7 7. c3 O-O (7... e5 {vermeidet den in der Partie entstehenden Stellungstyp.}) 8. d4 cxd4 9. cxd4 d5 10. e5 f6 11. Re1 fxe5 (11... Nf5) 12. dxe5 h6 13. h4 Nf5 14. Nc3 {In dieser Stellung hat Weiß gute Ergebnisse vorzuweisen.} Bd7 15. Bf4 Rc8 (15... Be8 16. Qd2 Rc8 (16... Qb6 $6 17. Rad1 Rd8 18. Na4 Qb5 $2 19. b3 Kh7 20. Bf1 Qb4 21. Qxb4 Nxb4 22. Nc5 Bf7 23. a3 $1 $18 {Ljubojevic,L-Timman,J/Hilversum 1973}) 17. Rac1 (17. Rad1 $1) 17... Rc7 18. Nh2 Rcf7 19. Ng4 (19. Bxd5 $5 exd5 20. e6) 19... Kh7 20. b3 Nxh4 $1 $17 {Morozevich,A-McDonald,N/Birmingham 2002; Daß Weiß die Partie später gewann, liegt nach meiner Meinung kaum an dieser Stellung.}) 16. Qd2 Kh7 (16... Be8 {leitet in die oben erwähnte Partie Morozevich-McDonald über.}) 17. Rad1 $146 ({Weniger gefällt mir} 17. Rac1 Qe7 {Doeres,H-Ruecker,B/Bad Zwesten 2002}) ({RR} 17. Rac1 Qe7 18. a3 b6 19. b4 a5 20. Na4 axb4 21. axb4 Nxb4 22. Nxb6 Rb8 23. Ng5+ Kg8 24. Nxd7 Qxd7 25. Ne4 Qb5 26. Nf6+ Bxf6 27. exf6 Qd3 28. Rxe6 Qxd2 29. Bxd2 Kf7 30. Ree1 d4 31. Bxb4 Rxb4 {Doeres,H (2238)-Ruecker,B (2001) Bad Zwesten 2002 1-0 (36)}) 17... Qa5 18. Nh2 d4 19. Ng4 h5 ({Zu wilden Verwicklungen führt} 19... dxc3 20. Qxd7 Rc7 21. Qxe6 c2 {Möglicherweise wäre Schwarz damit besser gefahren als in der Partie, z.B.:} 22. Rc1 Ncd4 23. Qd5 Qxd5 24. Bxd5 Nxh4) 20. Nf6+ Bxf6 21. exf6 e5 22. Bg5 Be6 23. Ne4 Bd5 $2 {Danach geht mindestens ein  verloren; aber auch die Alternativen riechen nach Problemen.} (23... Qxa2 24. Nc5) (23... Qxd2 24. Rxd2 Bxa2 25. Nc5) 24. Qxa5 Nxa5 25. Nd6 $1 $18 Bxg2 ({Nach} 25... Nxd6 26. Bxd5 $18 {fällt der e5.}) 26. Nxc8 Bf3 27. Rc1 Nc6 28. Ne7 Nfxe7 29. fxe7 Re8 30. Rxc6 {Eine pragmatische Lösung: Weiß vereinfacht die Lage. Die ungleichfarbigen Läufer geben Schwarz bei den Giganten e7+g5 wenig Remischancen.} bxc6 31. Rxe5 Bd5 32. b3 Kg7 33. Kf1 a5 34. Ke2 a4 35. bxa4 Kf7 36. Kd3 Ra8 37. a5 Ke8 38. Bd2 Rb8 39. Kxd4 Rb2 40. Kc3 Rxa2 41. Kd3 Ra3+ 42. Kd4 Ra2 43. Be1 Rc2 44. Bc3 Rxf2 45. Re3 Ra2 46. Kc5 Ra3 (46... Bg2 47. Kd6) 47. Kd6 Bg2 48. Bd2 Ra2 (48... Rxe3 49. Bxe3 Bf1 50. Bc5 $18 {[%cal Yd6c7,Yc7b7]}) 49. Bb4 c5 50. Kxc5 Rc2+ 51. Kb5 Rc8 52. Bc5 Rb8+ 53. Kc4 Bf1+ 54. Kd4 Rb1 55. Rf3 Rd1+ 56. Ke5 Kd7 57. Rf8 Re1+ 58. Kf6 Re6+ 59. Kg7 (59. Kg7 Bb5 60. a6 $18) 1-0

[Event "Bermuda-A"]
[Site "Bermuda"]
[Date "2003.01.30"]
[Round "6"]
[White "Vescovi, Giovanni P"]
[Black "Gershon, Alik"]
[Result "1-0"]
[WhiteElo "2592"]
[BlackElo "2571"]
[PlyCount "81"]
[EventDate "2003.01.25"]
[EventType "tourn"]
[EventRounds "11"]
[EventCountry "BER"]
[EventCategory "15"]
[SourceTitle "CBM 094"]
[Source "ChessBase"]
[SourceDate "2003.05.26"]
[SourceVersion "1"]
[SourceVersionDate "2003.05.26"]
[SourceQuality "1"]

1. e4 c5 2. Nf3 e6 3. d3 Nc6 4. g3 d5 5. Qe2 Nge7 6. Bg2 g6 7. O-O Bg7 8. c3 O-O 9. e5 h6 10. h4 Nf5 ({RR} 10... f6 11. exf6 Rxf6 12. Nbd2 Qd6 13. Nb3 e5 14. Nh2 Rf7 15. Be3 b6 16. c4 Be6 17. Rad1 Raf8 18. Nd2 Qd7 19. cxd5 Bxd5 20. Be4 Nf5 21. Nhf3 Bxe4 22. Nxe4 Nfd4 23. Bxd4 Rxf3 24. Bc3 Qh3 25. Rde1 {Bologan,V (2682)-Siebrecht,S (2451) Kallithea 2008 1-0 (34)}) ({RR} 10... Qc7 11. Bf4 Rb8 12. Nbd2 b5 13. Rfe1 b4 14. c4 Nf5 15. cxd5 Ncd4 16. Nxd4 Nxd4 17. Qd1 Qd7 18. d6 Bb7 19. Rc1 Bxg2 20. Kxg2 Qc6+ 21. Ne4 Rb5 22. f3 Qd5 23. Bxh6 Qxa2 24. Qd2 Nb3 25. Qg5 {Sort Sererols,J (2051)-Jose Iraeta,A (1893) Barbera del Valles ESP 2023 1-0}) 11. Bf4 f6 12. Nbd2 $146 ({RR} 12. exf6 Qxf6 13. Re1 Nxh4 14. Nxh4 g5 15. Bd6 Rd8 16. Bxc5 gxh4 17. d4 hxg3 18. fxg3 Qg6 19. Nd2 b6 20. Ba3 e5 21. dxe5 Nxe5 22. Be7 Rd7 23. Bh4 Bb7 24. Nf3 Re8 25. Nd4 Rf7 26. Kh1 Rff8 {Solana Suarez,E (2265)-Hoffman,A (2445) Mesa 1992 0-1 (37)}) 12... g5 13. exf6 gxf4 14. fxg7 Rf7 15. Ne5 Rxg7 16. Nxc6 bxc6 17. Qe5 fxg3 18. fxg3 Nxg3 19. Rf4 Bd7 20. Kh2 Kh7 21. Nf3 Qg8 22. Bh3 Nf5 23. Re1 Re8 24. Ra4 Qf7 25. Qf4 Bc8 26. Ne5 Qb7 27. Qf2 d4 28. cxd4 cxd4 29. Rc4 Qb8 30. Rc5 Ne3 31. Qf3 Qxb2+ 32. Re2 Qb1 33. Qe4+ Kg8 34. Ng6 Qb8+ 35. Re5 c5 36. h5 Bb7 37. Qf4 Qc7 38. Qxh6 Rh7 39. Qg5 Rg7 40. Qh6 Rh7 41. Bxe6+ 1-0

[Event "Bermuda-A"]
[Site "Bermuda"]
[Date "2003.02.02"]
[Round "8"]
[White "Markowski, Tomasz"]
[Black "Movsesian, Sergei"]
[Result "1-0"]
[WhiteElo "2574"]
[BlackElo "2663"]
[Annotator "Horn,Peter"]
[PlyCount "113"]
[EventDate "2003.01.25"]
[EventType "tourn"]
[EventRounds "11"]
[EventCountry "BER"]
[EventCategory "15"]
[SourceTitle "CBM 094"]
[Source "ChessBase"]
[SourceDate "2003.05.26"]
[SourceVersion "1"]
[SourceVersionDate "2003.05.26"]
[SourceQuality "1"]

1. g3 d5 2. Nf3 g6 3. c4 d4 4. Bg2 Bg7 5. O-O c5 6. d3 Nc6 7. Na3 Nf6 8. Nc2 O-O 9. a3 a5 10. b3 e5 (10... Re8 11. Rb1 e5 12. b4 axb4 13. axb4 e4 14. Ng5 Bf5 15. bxc5 $14 {Markowski,T-Zezulkin,J/Zakopane 2000}) 11. Rb1 e4 12. Ng5 (12. Nfe1 exd3 (12... Re8 $5 {Konikowski}) 13. Nxd3 Qe7 14. Bg5 h6 15. Bxf6 Bxf6 16. Nf4 Bg7 17. Nd5 Qd8 18. Ne1 Bf5 19. Nd3 Qd6 20. b4 $13 {Markowski,T-Urban,K/Plock 2000}) 12... exd3 13. exd3 Bg4 14. Qd2 $146 (14. f3 Bd7 15. f4 Rb8 16. Ne4 Nxe4 17. Bxe4 b5 18. cxb5 Rxb5 19. a4 Rb8 20. f5 Re8 21. Na3 Ne5 $132 {Markowski,T-Van Wely,L/Moscow 2002}) 14... h6 15. h3 Bf5 ({RR} 15... hxg5 16. hxg4 Nxg4 17. Qxg5 Qxg5 18. Bxg5 Rfe8 19. Rfe1 Rxe1+ 20. Rxe1 Nge5 21. Be4 f5 22. Bd5+ Kf8 23. Rd1 Ne7 24. Bxe7+ Kxe7 25. f4 Nc6 26. Re1+ Kf8 27. Kf2 Re8 28. Rb1 Ra8 29. Kf3 Bf6 30. g4 {Markowski,T (2565)-Grabarczyk,M (2479) Krakow 2006 ½-½ (36)}) 16. Nf3 Qc8 $146 (16... Re8 17. Nh4 Be6 18. f4 Qc7) ({RR} 16... g5 17. Nfe1 Nd7 18. f4 gxf4 19. Qxf4 Bg6 20. Bd2 Re8 21. b4 axb4 22. axb4 cxb4 23. Nxb4 Nxb4 24. Rxb4 Nc5 25. Bd5 Re7 26. Qf3 Ra2 27. Bf4 Ra1 28. Bd2 Ra2 29. Bf4 Ra1 30. Bd2 Qe8 31. Rb5 {Markowski,T (2587)-Grabarczyk,M (2508) Warsaw 2003 ½-½ (40)}) ({RR} 16... g5 17. Nfe1 Nd7 18. Qd1 Nde5 19. f4 gxf4 20. Bxf4 Qd7 21. Kh2 Bg6 22. Qd2 Kh7 23. Rd1 Rfe8 24. Rf2 Rab8 25. a4 Ra8 26. Rb1 Re7 27. Qd1 Rae8 28. Bf1 Nd8 29. Ng2 Ne6 30. Nh4 Nxf4 31. Rxf4 {Markowski,T (2558)-Slobodjan,R (2522) Dresden 2004 0-1 (44)}) 17. Kh2 Nd7 18. Nh4 Be6 19. f4 Ne7 20. g4 Qc7 21. Kg1 f5 22. Qe2 (22. Re1 Ra6 23. gxf5 gxf5 24. Bf3) 22... Ra6 23. Bd2 Bf6 24. g5 hxg5 25. fxg5 Be5 26. Nf3 Bg7 27. b4 axb4 28. axb4 Bf7 (28... Qd6 $5 29. bxc5 Nxc5 30. Bb4 b6 31. Na3 $14 {[%cal Ya3b5]}) 29. bxc5 (29. Qxe7 $2 Re8 $17) 29... Nc6 30. Rb5 (30. Nb4 Nxb4 31. Bxb4) 30... Re8 31. Qf2 Ra2 32. Nfe1 $16 Nde5 33. Qg3 (33. Qf4) 33... Re7 34. Bf4 Qc8 35. Rb1 Ra5 36. Na1 (36. Bc1) 36... Nd7 (36... Rxc5 $4 37. Nb3 $18) 37. Nb3 Ra2 38. Rf2 Qa8 (38... Ree2 39. Rxe2 Rxe2 40. Bd5 $16) 39. Nc2 Qa4 40. Qf3 (40. Bxc6 bxc6 41. Ncxd4) 40... Nde5 41. Qd1 Nxd3 42. Qxd3 Bxc4 43. Qg3 $1 (43. Qf3 d3) 43... d3 44. Ne3 Bxb3 45. Rxb3 Qxb3 46. Bd5+ Qxd5 47. Nxd5 Re1+ 48. Kg2 Ree2 49. Rxe2 dxe2 50. Kf2 e1=B+ 51. Kxe1 Ra1+ 52. Kd2 Ra2+ 53. Kd1 Nd4 54. Nf6+ Bxf6 55. gxf6 Ra1+ 56. Kd2 Ra2+ 57. Kd3 1-0

[Event "Bermuda-A"]
[Site "Bermuda"]
[Date "2003.02.02"]
[Round "8"]
[White "Vescovi, Giovanni P"]
[Black "Motylev, Alexander"]
[Result "1-0"]
[WhiteElo "2592"]
[BlackElo "2640"]
[PlyCount "85"]
[EventDate "2003.01.25"]
[EventType "tourn"]
[EventRounds "11"]
[EventCountry "BER"]
[EventCategory "15"]
[SourceTitle "CBM 094"]
[Source "ChessBase"]
[SourceDate "2003.05.26"]
[SourceVersion "1"]
[SourceVersionDate "2003.05.26"]
[SourceQuality "1"]

1. e4 c5 2. Nf3 e6 3. d3 Nc6 4. g3 g6 5. Bg2 Bg7 6. O-O Nge7 7. c3 e5 8. a3 O-O 9. b4 d6 10. Bb2 a6 11. Nbd2 h6 12. Nc4 Be6 13. Ne3 Rb8 $146 ({RR} 13... f5 14. Nd2 f4 15. Nd5 g5 16. a4 g4 17. b5 Nb8 18. c4 f3 19. Bh1 Ng6 20. Re1 Rf7 21. Nf1 Nd7 22. Bc3 Ndf8 23. Bd2 Nh7 24. Qc1 h5 25. a5 Bxd5 26. cxd5 axb5 27. Qb2 b4 28. Ne3 {Elobeid,A (2041)-Tagelsir,A (2202) Addis Ababa 2022 0-1 (59)}) ({RR} 13... f5 14. Nd2 f4 15. Nd5 g5 16. a4 g4 17. b5 Nb8 18. c4 f3 19. Bh1 Ng6 20. Re1 Rf7 21. Nf1 Nd7 22. Bc3 Ndf8 23. Bd2 Nh7 24. Qc1 h5 25. a5 Bxd5 26. cxd5 axb5 27. Qb2 b4 28. Ne3 {Elobeid,A (2041)-Tagelsir,A (2202) Addis Ababa 2022 0-1 (59)}) 14. bxc5 dxc5 15. a4 f5 16. c4 f4 17. Nd5 g5 18. Nd2 a5 19. Bf3 Qd7 20. Nb6 Qd6 21. Nd5 Nb4 22. Ra3 Bh3 23. Bg2 Bd7 24. Bf3 Ng6 25. Bg4 Be8 26. Nb1 b6 27. Nbc3 Rb7 28. Nb5 Qd8 29. Ra1 Ne7 30. Bc3 Nec6 31. Kg2 Bg6 32. Be6+ Kh8 33. g4 f3+ 34. Kh1 h5 35. Rg1 Re8 36. gxh5 Rxe6 37. hxg6 Qf8 38. Rg3 Rxg6 39. Rxf3 Qc8 40. Rf5 Rh6 41. Qf3 g4 42. Qxg4 Ne7 43. Nd6 1-0

[Event "Asia-ch 4th"]
[Site "Doha"]
[Date "2003.02.27"]
[Round "6"]
[White "Rahman, Ziaur"]
[Black "Dzhumaev, Marat"]
[Result "1-0"]
[WhiteElo "2542"]
[BlackElo "2507"]
[PlyCount "89"]
[EventDate "2003.02.22"]
[EventType "swiss"]
[EventRounds "9"]
[EventCountry "QAT"]
[SourceTitle "CBM 094"]
[Source "ChessBase"]
[SourceDate "2003.05.26"]
[SourceVersion "1"]
[SourceVersionDate "2003.05.26"]
[SourceQuality "1"]

1. Nf3 f5 2. g3 Nf6 3. Bg2 g6 4. b4 c6 5. c4 d6 6. d4 Na6 7. a3 Nc7 8. Bb2 Bg7 9. Nbd2 O-O 10. O-O Kh8 $146 ({RR} 10... d5 11. Qc2 Be6 12. Ng5 h6 13. Nxe6 Nxe6 14. Rad1 Ng5 15. Nf3 Nxf3+ 16. Bxf3 Qd7 17. Qb3 e6 18. Rc1 Rfc8 19. Rfd1 Kh7 20. Bc3 b5 21. c5 Rf8 22. a4 bxa4 23. Qxa4 Ne8 24. e3 Nc7 25. Be2 {Pacl,V (2136)-Butkiewicz,L (2436) Pardubice 2015 0-1 (61)}) 11. Qc2 Be6 12. Rfe1 Qd7 13. e3 Rae8 14. a4 a6 15. Rac1 Bg8 16. Bh3 Qd8 17. Nb3 h6 18. Na5 Qa8 19. Bg2 g5 20. d5 cxd5 21. c5 Rc8 22. cxd6 exd6 23. Nd4 Bh7 24. Nxf5 Ne6 25. Qb1 Rce8 26. e4 dxe4 27. Nxg7 Nxg7 28. Qa1 Qd8 29. Nxb7 Qe7 30. Na5 Ng4 31. Nc6 Qf7 32. Rf1 Kg8 33. h3 Nf6 34. Nd4 Ngh5 35. Rc6 e3 36. fxe3 Rxe3 37. Rxd6 Rxg3 38. Ne2 Rxg2+ 39. Kxg2 Qe7 40. Qa2+ Rf7 41. Qe6 Bd3 42. Bxf6 Qb7+ 43. Kg1 Nxf6 44. Rxf6 Qa7+ 45. Nd4 1-0

[Event "GER-ch g/5 Internet 1st"]
[Site "Playchess.com INT"]
[Date "2003.02.22"]
[Round "4"]
[White "Hickl, Joerg"]
[Black "Huebner, Robert"]
[Result "1-0"]
[WhiteElo "2570"]
[BlackElo "2625"]
[PlyCount "147"]
[EventDate "2003.02.22"]
[EventType "tourn (blitz)"]
[EventRounds "22"]
[EventCountry "GER"]
[EventCategory "10"]
[SourceTitle "CBM 092 Extra"]
[Source "ChessBase"]
[SourceDate "2003.03.07"]
[SourceVersion "1"]
[SourceVersionDate "2003.03.07"]
[SourceQuality "1"]

1. g3 d5 2. Nf3 Nc6 3. Bg2 e5 4. d3 Nf6 5. O-O Be7 6. b3 O-O 7. Bb2 d4 8. c3 ({RR} 8. Nbd2 Re8 9. Nc4 Bc5 10. e4 a5 11. a4 g6 12. Bc1 Bf8 13. h3 Bg7 14. Nh4 Be6 15. f4 exf4 16. gxf4 Nxe4 17. dxe4 Qxh4 18. f5 Bxc4 19. bxc4 d3 20. Rb1 dxc2 21. Qxc2 Rad8 22. Rxb7 Nb4 {Lavrov,M (2344)-Yuan,Q (2341) chess.com INT 2025 1-0 (50)}) 8... Bg4 9. h3 $146 ({RR} 9. cxd4 exd4 10. Na3 Re8 11. Rc1 Nd5 12. Nc4 Bf6 13. a3 Qd7 14. Re1 Re6 15. Ncd2 Bf5 16. b4 Nc3 17. Bxc3 dxc3 18. Nb3 b6 19. d4 c2 20. Qd2 Rd8 21. e3 Be4 22. Qc3 Qd5 23. Nbd2 Nxd4 {Perretta,M-De Vita,G (2090) Italy 1996 1-0}) 9... Bh5 10. a3 Qd7 11. Nbd2 Rfe8 12. b4 a6 13. Re1 Rad8 14. Kh2 Bf8 15. cxd4 exd4 16. Nb3 Bxf3 17. Bxf3 Nd5 18. Rc1 Ne5 19. Bg2 Nc3 20. Bxc3 dxc3 21. Rxc3 c6 22. d4 Qf5 23. Qb1 Qxb1 24. Rxb1 Nd7 25. e3 Nb6 26. Nc5 Re7 27. a4 Rc7 28. Kg1 Nd5 29. Rc2 g6 30. h4 h5 31. Nd3 Kg7 32. Rcc1 Nb6 33. b5 Nxa4 34. b6 Rcd7 35. Rc4 c5 36. Ne5 Rd6 37. Rxa4 cxd4 38. Rxd4 Rxd4 39. exd4 Rxd4 40. Bxb7 a5 41. Bf3 a4 42. b7 Bd6 43. Nc6 Rd3 44. Be4 Rd2 45. b8=Q Bxb8 46. Rxb8 a3 47. Ra8 a2 48. Kg2 Rb2 49. Bd5 Rd2 50. Bf3 Rb2 51. Ra7 Rd2 52. Nb4 Rd4 53. Nxa2 Kh6 54. Nc3 f5 55. Nd5 g5 56. hxg5+ Kxg5 57. Rg7+ Kh6 58. Rf7 Kg6 59. Rf6+ Kg5 60. Rf8 h4 61. Rg8+ Kh6 62. gxh4 Kh7 63. Rg5 Rxh4 64. Rxf5 Kg6 65. Rf4 Rh8 66. Rg4+ Kf7 67. Be4 Ke6 68. f4 Rb8 69. Rg6+ Kf7 70. Rc6 Kg7 71. Kf3 Rb3+ 72. Kg4 Rb2 73. Rc7+ Kh8 74. f5 1-0

[Event "GER-ch g/5 Internet 1st"]
[Site "Playchess.com INT"]
[Date "2003.02.22"]
[Round "6"]
[White "Hickl, Joerg"]
[Black "Dautov, Rustem"]
[Result "1-0"]
[WhiteElo "2570"]
[BlackElo "2604"]
[PlyCount "37"]
[EventDate "2003.02.22"]
[EventType "tourn (blitz)"]
[EventRounds "22"]
[EventCountry "GER"]
[EventCategory "10"]
[SourceTitle "CBM 092 Extra"]
[Source "ChessBase"]
[SourceDate "2003.03.07"]
[SourceVersion "1"]
[SourceVersionDate "2003.03.07"]
[SourceQuality "1"]

1. g3 d5 2. Nf3 g6 3. Bg2 Bg7 4. O-O e5 5. d3 Ne7 6. e4 Nbc6 7. Nbd2 O-O 8. b3 ({RR} 8. a3 a5 9. b3 h6 10. Bb2 d4 11. Qe2 a4 12. b4 Na7 13. Nc4 Nec6 14. Bc1 Be6 15. Bd2 Nb5 16. h3 Nd6 17. Nxd6 cxd6 18. c3 dxc3 19. Bxc3 Na7 20. d4 Qc8 21. Rfc1 Bxh3 22. dxe5 Bxg2 {Caruana,F (2782)-Anand,V (2773) Zuerich 2014 0-1 (47)}) 8... h6 ({RR} 8... a5 9. a3 h6 10. Bb2 Be6 11. exd5 Bxd5 12. Re1 Qd6 13. Nc4 Bxc4 14. bxc4 Rfe8 15. Nd2 Nf5 16. Ne4 Qd8 17. Nc5 Qc8 18. Rb1 Bf8 19. Ne4 Qd8 20. Qc1 Rb8 21. Bc3 b6 22. Rb5 Ncd4 23. Bxd4 {Hickl,J (2570)-Gustafsson,J (2566) Playchess.com INT 2003 0-1 (44)}) 9. Bb2 Be6 $146 ({RR} 9... d4 10. Qe2 Be6 11. c3 Qd7 12. cxd4 exd4 13. Ne1 f5 14. f4 fxe4 15. Nxe4 b6 16. Nc2 Nd5 17. Rae1 Rae8 18. Qf3 Kh8 19. Nf2 Rd8 20. Re2 g5 21. Rfe1 g4 22. Qe4 Bf5 23. Qxd5 Qxd5 24. Bxd5 {Muthaiah,A (2289)-Illingworth,M (2458) Abu Dhabi 2016 0-1 (74)}) ({RR} 9... d4 10. Qe2 g5 11. h4 Bg4 12. hxg5 hxg5 13. Ba3 Qd7 14. Qe1 f6 15. Nh2 Bh3 16. Qe2 a5 17. Bxe7 Nxe7 18. a4 Ng6 19. Qh5 Bxg2 20. Kxg2 Kf7 21. Qf3 Rh8 22. Ng4 Rh4 23. Qf5 Nf4+ 24. Kf3 {Tahbaz,A (2425)-Dere,P (2191) Bangalore IND 2024 ½-½ (50)}) ({RR} 9... d4 10. Ne1 Be6 11. h3 Qd7 12. Kh2 f5 13. Qe2 Kh7 14. Nef3 g5 15. exf5 Rxf5 16. Ne4 b6 17. a3 a5 18. a4 Nd5 19. Ng1 Raf8 20. Nf3 Kg8 21. Nfd2 Nce7 22. Ba3 c5 23. Nc4 Ng6 24. Bc1 {Ahmed,M (2035)-Subrota,B (2268) Tornelo INT 2021 0-1 (38)}) 10. exd5 Bxd5 11. Re1 f6 12. a3 Nf5 13. b4 Qd7 14. b5 Ncd4 15. Nxd4 exd4 16. a4 a6 17. Bxd5+ Qxd5 18. Qf3 Rfe8 19. Qxd5+ 1-0

[Event "GER-ch g/5 Internet 1st"]
[Site "Playchess.com INT"]
[Date "2003.02.22"]
[Round "16"]
[White "Hickl, Joerg"]
[Black "Graf, Alexander"]
[Result "1-0"]
[WhiteElo "2570"]
[BlackElo "2630"]
[PlyCount "53"]
[EventDate "2003.02.22"]
[EventType "tourn (blitz)"]
[EventRounds "22"]
[EventCountry "GER"]
[EventCategory "10"]
[SourceTitle "CBM 092 Extra"]
[Source "ChessBase"]
[SourceDate "2003.03.07"]
[SourceVersion "1"]
[SourceVersionDate "2003.03.07"]
[SourceQuality "1"]

1. g3 d5 2. Nf3 c6 3. Bg2 g6 4. O-O Bg7 5. d3 Nf6 6. Nbd2 O-O 7. c4 Bg4 ({RR} 7... a5 8. Qc2 a4 9. e4 e6 10. Re1 b5 11. Nf1 bxc4 12. dxc4 Nxe4 13. Be3 a3 14. Bd4 Bxd4 15. Nxd4 Qb6 16. Nb3 axb2 17. Qxb2 Nc5 18. Qd4 Nbd7 19. cxd5 Nxb3 20. Qxb6 Nxb6 21. axb3 cxd5 22. Ne3 {Wang,T (2329)-Saric,I (2690) Chess.com INT 2019 0-1 (49)}) 8. Rb1 Nbd7 9. b3 $146 ({RR} 9. b4 e5 10. h3 Be6 11. Ng5 Bf5 12. e4 dxe4 13. dxe4 Be6 14. Nxe6 fxe6 15. c5 b6 16. Nb3 Qc7 17. Be3 Rfd8 18. Qc2 Bf8 19. Qc4 Re8 20. Rbc1 b5 21. Qc2 Rad8 22. Na5 Nb8 23. f4 Nfd7 {Srihari,L (2366)-Mayaud,R (2146) chess.com INT 2025 1-0 (41)}) 9... e5 10. h3 Bxf3 11. Bxf3 Re8 12. Qc2 Qe7 13. Bg2 Rac8 14. Bb2 Qe6 15. Rbc1 h5 16. cxd5 Nxd5 17. Nf3 Nf8 18. a3 Qd6 19. b4 Ne6 20. e3 a6 21. Qb1 c5 22. bxc5 Nxc5 23. d4 exd4 24. Bxd4 Bxd4 25. Nxd4 Qe7 26. Bxd5 b5 27. Qxg6+ 1-0